000 00674nam a2200253Ia 4500
003 OSt
005 20220918105922.0
006 a|||||r|||| 00| 0
007 ta
008 220915b |||||||| |||| 00| 0 eng d
024 _a93459
037 _cReference Collections
040 _aARTS
_cARTS
_beng
041 _2eng
_aeng
082 _aU13f, M1 (RR)
100 _aFullard Harold Ed.
_94767
245 0 _aPhilip's universal atlas
250 _a3rd
260 _aLondon
_bGeorge Phillips
_c1981
300 _a176+140p.
650 _aGEOGRAPHY
942 _hU13f, M1 (RR)
_cREF
999 _c110212
_d110212